Antolojía poética

Gespeichert in:
Bibliographische Detailangaben
1. Verfasser: Jiménez, Juan Ramón (VerfasserIn)
Format: Buch
Sprache:Spanisch
Veröffentlicht: Buenos Aires Losada 1944
Schlagworte:
Tags: Tag hinzufügen
Keine Tags, Fügen Sie den ersten Tag hinzu!

MARC

LEADER 00000nam a2200000 a 4500
001 UCQ5266
003 CL-VaPUC
008 980925e19440000AG |||||||||||||||||spa|d
082 0 4 |a 861  |b JIM  |2 21 
100 |a Jiménez, Juan Ramón  |e author  |9 330181 
245 1 0 |a Antolojía poética 
300 |a 330 p 
942 |c BK 
945 |d 19980925 00:00:00  |a crobeson 
260 |a Buenos Aires  |b Losada  |c 1944 
650 0 |a Poesías españolas  |9 265100 
650 0 |a Literatura española  |9 306261 
583 |a last modification  |c 19980925 00:00:00  |k Rodrigo Vera 
999 |c 275481  |d 275479 
952 |0 0  |1 0  |4 0  |6 861_000000000000000_JIM_1944  |7 0  |8 A  |9 312230  |a BIBEDU  |b BIBEDU  |d 2019-11-20  |i 1469746  |o 861 JIM 1944  |p 1469746  |r 2019-11-20  |w 2019-11-20  |y BK  |k LIT